000 00963nam a2200265Ia 4500
003 OSt
005 20221005112557.0
006 a|||||r|||| 00| 0
007 ta
008 221004b |||||||| |||| 00| 0 pan d
020 _a9789382837381 (hbk)
_cINR 195.00
024 _a44780
037 _b1043, 02/02/2019, H.K. Prakashan
_cTextual
040 _aCRL
_cCRL
_bpan
041 _2pan
_apan
082 _aO153,1NBUx, Q8
100 _aਬੁਲੰਦਵੀ, ਦਰFਨ, ਂਚ.
_9169278
245 0 _aਮਹਿਕਾਂ ਦਾ ਸਿਰਨਾਵਾਂ
260 _aਚੰਡੀਗੜ੍ਹ
_bਲੋਕਗੀਤ ਪ੍ਰਕਾFਨ ਦਿੱਲੀ
_c2018
300 _a106ਪ੍ਰ0
_ccm.
650 _a ਪੰਜਾਬੀ ਕਾਵਿ
650 _aਪੰਜਾਬੀ ਸਾਹਿਤ
942 _hO153,1NBUx, Q8
_cTEXL
_2cc
999 _c1025310
_d1025310